| 000 | 00510nam a22001697a 4500 | ||
|---|---|---|---|
| 999 |
_c40703 _d40703 |
||
| 003 | OSt | ||
| 005 | 20200606120123.0 | ||
| 008 | 191030b ||||| |||| 00| 0 eng d | ||
| 020 | _a9788181877147 | ||
| 040 | _cMESKC library | ||
| 082 |
_a641.563 _bVER/A |
||
| 100 | 1 |
_aVerma, Vinod, _963 _d1947- |
|
| 245 |
_aAyurvedic Bhojan Sanskriti/ _cDr. Vinod Verma |
||
| 260 |
_aDelhi: _bAshok Ku. Maheswari and sons, _c2015 |
||
| 300 | _a198p | ||
| 942 |
_2ddc _cBK _h641.563 _iVER/A _k641.563 _mVER/A |
||